000 00439nam a2200181Ia 4500
001 7344
005 20260306160448.0
008 260306t2011||||xx |||||||||||||| ||spa||
041 _aESP
082 _a338.5
_bV33 2011
100 _aVarian, Hal R.
_eAUT
245 0 _aMicroeconomĂ­a intermedia:
_bun enfoque actual
260 _c2011
300 _a818 páginas :
_c24 cm.
650 _aGEN
654 _aCAN
942 _cLIB
_dJUS
_fJUS
_2ddc
_n
999 _c7344
_d7344